[Event "Toronto NAYCC U14"]
[Site "Toronto"]
[Date "2013.08.18"]
[Round "9"]
[White "Saha, Ananda"]
[Black "Nitu, Vlad"]
[Result "1/2-1/2"]
[WhiteElo "1806"]
[BlackElo "1446"]
[PlyCount "50"]
[EventDate "2013.08.14"]
[EventType "swiss"]
[EventRounds "9"]
[EventCountry "CAN"]
[SourceTitle "EXT 2022"]
[Source "ChessBase"]
[SourceDate "2021.10.06"]
[SourceVersion "1"]
[SourceVersionDate "2021.10.06"]
[SourceQuality "1"]

1. d4 d5 2. c4 c6 3. Nf3 Nf6 4. Nc3 dxc4 5. a4 Nd5 6. e4 Nxc3 7. bxc3 b5 8. axb5 cxb5 9. Ba3 e6 10. Bxf8 Kxf8 11. Qb1 a6 12. g3 Nd7 13. Bg2 Bb7 14. 0-0 g6 15. Nd2 Qc7 16. f4 Kg7 17. f5 exf5 18. exf5 Bxg2 19. Kxg2 Nf6 20. Rf3 Rhe8 21. Qf1 Qc6 22. Kg1 Ra7 23. fxg6 fxg6 24. Qf2 Rf7 25. Rf1 Ref8 1/2-1/2

[Event "CAN-ch U14"]
[Site "Ottawa"]
[Date "2013.07.11"]
[Round "3"]
[White "Lin, Alex Y"]
[Black "Nitu, Vlad"]
[Result "1-0"]
[WhiteElo "1809"]
[BlackElo "1402"]
[PlyCount "191"]
[EventDate "2013.07.10"]
[EventType "swiss"]
[EventRounds "6"]
[EventCountry "CAN"]
[SourceTitle "EXT 2022"]
[Source "ChessBase"]
[SourceDate "2021.10.06"]
[SourceVersion "1"]
[SourceVersionDate "2021.10.06"]
[SourceQuality "1"]

1. e4 e6 2. d4 d5 3. exd5 exd5 4. c4 c6 5. Nf3 Nf6 6. Be2 Be7 7. 0-0 0-0 8. Nc3 b6 9. Bf4 Bb7 10. cxd5 Nxd5 11. Nxd5 cxd5 12. Rc1 Bd6 13. Be3 Nd7 14. Bd3 Rc8 15. Qa4 Rxc1 16. Rxc1 Bb8 17. Bb1 Re8 18. Qc2 g6 19. a3 Re6 20. Qa4 Qe8 21. Re1 Nf6 22. Qd1 Ne4 23. Qd3 Bc6 24. Ba2 Bb5 25. Qb1 Qd7 26. Rc1 Bc6 27. Qc2 Bb7 28. Qb3 Kg7 29. Ne1 Rc6 30. Rd1 Rc8 31. Nd3 Re8 32. Rc1 Bd6 33. Ne5 Bxe5 34. dxe5 Nc5 35. Qc3 Ne6 36. Rd1 h6 37. Qd2 g5 38. Bxd5 Qxd5 39. Qxd5 Bxd5 40. Rxd5 Rc8 41. Kf1 Rc7 42. g3 Kg6 43. Bd2 Kf5 44. Bc3 Re7 45. f3 h5 46. h3 Rc7 47. Kf2 Re7 48. g4+ hxg4 49. hxg4+ Kg6 50. Rd6 Rc7 51. Ke3 Kg7 52. Rd5 Kg6 53. Rd6 Kg7 54. Kd3 Kg6 55. b3 Kg7 56. b4 Nf4+ 57. Kd2 Ne6 58. Bd4 Rc4 59. Kd3 Rc7 60. Be3 Kg6 61. Bd2 Kg7 62. Ke4 Kg6 63. b5 Rc4+ 64. Kd3 Rc5 65. a4 Rxe5 66. Bc3 Rc5 67. Rc6 Rd5+ 68. Ke4 Rd8 69. Be5 Re8 70. Kd5 Rd8+ 71. Rd6 Rc8 72. Rd7 Ra8 73. Kc6 Rc8+ 74. Kb7 Rc4 75. Kxa7 Rxa4+ 76. Kxb6 f6 77. Re7 Nd8 78. Bc7 Nf7 79. Kb7 Kg7 80. b6 Kf8 81. Re6 Rd4 82. Kc8 Rc4 83. b7 Rb4 84. Rb6 Rxb6 85. Bxb6 Nd6+ 86. Kc7 Nxb7 87. Kxb7 Ke7 88. Kc6 Ke6 89. Be3 Ke5 90. Kd7 f5 91. Bxg5 fxg4 92. fxg4 Ke4 93. Ke6 Kf3 94. Kf5 Kg3 95. Bd8 Kf3 96. g5 1-0